Регистрация параметров вихревого пучка в турбулентной атмосфере; Ч. 1; Использование градиентов волнового фронта; Известия Томского политехнического университета [Известия ТПУ]; Т. 323, № 2 : Математика и механика. Физика
| Parent link: | Известия Томского политехнического университета [Известия ТПУ]/ Томский политехнический университет (ТПУ).— , 2000- Т. 323, № 2 : Математика и механика. Физика.— 2013.— [С. 177-180] |
|---|---|
| Muut tekijät: | , , , , |
| Yhteenveto: | Заглавие с титульного листа Электронная версия печатной публикации На основе методов численного эксперимента исследуется возможность определения характеристик вихревого излучения, распространяющегося в турбулентной среде. Для получения оценочных результатов, приводимых в первой части статьи, определение параметров осуществляется с использованием градиентов фазового распределения светового поля, т. е. рассматривается идеальная оптическая система. Based on the methods of the numerical experiments the authors study the possibility of determining the characteristics of vortex radiation expanding in turbulent medium. To obtain the estimation results given in the first part of the paper the parameters are determined using gradients of phase distribution of light field; the ideal optical system is considered. |
| Kieli: | venäjä |
| Julkaistu: |
2013
|
| Sarja: | Физика |
| Aiheet: | |
| Linkit: | http://earchive.tpu.ru/bitstream/11683/4976/1/bulletin_tpu-2013-323-2-40.pdf |
| Aineistotyyppi: | Elektroninen Kirjan osa |
| KOHA link: | https://koha.lib.tpu.ru/cgi-bin/koha/opac-detail.pl?biblionumber=244493 |
MARC
| LEADER | 00000nla2a2200000 4500 | ||
|---|---|---|---|
| 001 | 244493 | ||
| 005 | 20231215135439.0 | ||
| 035 | |a (RuTPU)RU\TPU\book\265879 | ||
| 035 | |a RU\TPU\book\265811 | ||
| 090 | |a 244493 | ||
| 100 | |a 20131023d2013 k y0rusy50 ca | ||
| 101 | 0 | |a rus | |
| 102 | |a RU | ||
| 135 | |a drnn ---uucaa | ||
| 181 | 0 | |a i | |
| 182 | 0 | |a b | |
| 200 | 1 | |a Регистрация параметров вихревого пучка в турбулентной атмосфере |h Ч. 1 |i Использование градиентов волнового фронта |f В. П. Аксенов [и др.] | |
| 203 | |a Текст |c электронный | ||
| 215 | |a 1 файл (372 Кб) | ||
| 225 | 1 | |a Физика | |
| 300 | |a Заглавие с титульного листа | ||
| 300 | |a Электронная версия печатной публикации | ||
| 320 | |a [Библиогр.: с. 180 (12 назв.)] | ||
| 330 | |a На основе методов численного эксперимента исследуется возможность определения характеристик вихревого излучения, распространяющегося в турбулентной среде. Для получения оценочных результатов, приводимых в первой части статьи, определение параметров осуществляется с использованием градиентов фазового распределения светового поля, т. е. рассматривается идеальная оптическая система. | ||
| 330 | |a Based on the methods of the numerical experiments the authors study the possibility of determining the characteristics of vortex radiation expanding in turbulent medium. To obtain the estimation results given in the first part of the paper the parameters are determined using gradients of phase distribution of light field; the ideal optical system is considered. | ||
| 337 | |a Adobe Reader | ||
| 453 | |t Recording the vortex beam parameters in turbulent atmosphere |o translation from Russian |h P. I |i The use of wave front gradients |f V. P. Aksenov [et al.] |c Tomsk |n TPU Press |d 2013 | ||
| 461 | 1 | |0 (RuTPU)RU\TPU\book\176237 |t Известия Томского политехнического университета [Известия ТПУ] |f Томский политехнический университет (ТПУ) |d 2000- | |
| 463 | 1 | |0 (RuTPU)RU\TPU\book\265409 |x 1684-8519 |t Т. 323, № 2 : Математика и механика. Физика |v [С. 177-180] |d 2013 |p 223 с. | |
| 610 | 1 | |a датчик Гартмана | |
| 610 | 1 | |a локальные наклоны | |
| 610 | 1 | |a волновой фронт | |
| 610 | 1 | |a сингулярная оптика | |
| 610 | 1 | |a орбитальный угловой момент | |
| 610 | 1 | |a турбулентная атмосфера | |
| 610 | 1 | |a вихревые пучки | |
| 610 | 1 | |a параметры | |
| 610 | 1 | |a регистрация | |
| 610 | 1 | |a труды учёных ТПУ | |
| 610 | 1 | |a электронный ресурс | |
| 610 | |a Hartmann sensor | ||
| 610 | |a local tilts | ||
| 610 | |a singular optics | ||
| 610 | |a orbital angular momentum | ||
| 610 | |a turbulent atmosphere | ||
| 701 | 1 | |a Аксенов |b В. П. |g Валерий Петрович | |
| 701 | 1 | |a Канев |b Ф. Ю. |c специалист в области электротехники |c доцент Томского политехнического университета, доктор физико-математических наук |f 1960- |g Федор Юрьевич |3 (RuTPU)RU\TPU\pers\25672 | |
| 701 | 1 | |a Куксенок |b Д. С. |g Дмитрий Сергеевич | |
| 701 | 1 | |a Макенова |b Н. А. |c физик |c доцент Томского политехнического университета, кандидат физико-математических наук |f 1974- |g Наиля Алтынхановна |3 (RuTPU)RU\TPU\pers\25677 |9 11588 | |
| 701 | 1 | |a Хапаева |b А. В. |g Анна Вячеславовна | |
| 801 | 1 | |a RU |b 63413507 |c 20090623 |g PSBO | |
| 801 | 2 | |a RU |b 63413507 |c 20190517 |g PSBO | |
| 856 | 4 | |u http://earchive.tpu.ru/bitstream/11683/4976/1/bulletin_tpu-2013-323-2-40.pdf | |
| 942 | |c CF | ||